| 000 | 00683nam a2200217Ia 4500 | ||
|---|---|---|---|
| 003 | OSt | ||
| 005 | 20231010151400.0 | ||
| 008 | 210719s2020 xx 000 0 und d | ||
| 040 | _cAL | ||
| 041 | _aKonkani | ||
| 082 | _a891.46301 PINK | ||
| 100 |
_aPINTO (Stivan); PINTO (STEPHEN);KUNTALPADY _999287 |
||
| 245 |
_aKombo ani zaj: motvyon kaniyo _bಕೊಂಬೊ ಆನಿ ಝಜ್ : ಮೋಟ್ವ್ಯೋ ಕಾಣಿಯೊ |
||
| 260 |
_aMangaluru _bAshavadi Prakashan _c2020 |
||
| 300 |
_a76 _bPB |
||
| 365 |
_b150 _cRs |
||
| 650 |
_aKonkani Fiction _999288 |
||
| 650 |
_aKonkani Literature _999289 |
||
| 906 | _aani ; kaniyo ; Kombo ; motvyon ; zaj: | ||
| 942 |
_2ddc _cBK |
||
| 999 |
_c211721 _d211721 |
||